000 00421nam a2200193Ia 4500
001 11553
003 GE_BSU
008 181216s||||||||xx |||||||||||||| ||und||
020 _a9781447219699
040 _cGE_BSU
100 _aSwan,Karem
245 _aChristmas at Claridge's
260 _aLondon
260 _bPan Books
260 _c2013
300 _a520p;20cm.
653 _aChristmas at Claridge's
942 _cBK
999 _c44748
_d44748